000 01281namaa22003131i 4500
005 20260423101803.0
008 260423s1994 ua a|||frm||| 000 0 eng d
040 _aEG-GICUC
_beng
_cEG-GICUC
_dEG-GICUC
_erda
041 0 _aeng
_beng
_bara
049 _aDeposit
097 _aM.Sc
099 _aCai01.11.18.M.Sc.1994.Ma.E
100 0 _aManal Mahrous Abdel Wahab,
_epreparation.
245 1 0 _aEffect of Meal Temperature on Gastric emptying in febrile patients /
_b
_cBy Manal Mahrous Abdel Wahab ; Supervisors Prof. Dr. Alia Mossalem, Dr. Noman El-Garem
246 1 5 _aتأثير اختلاف درجة حرارة الطعام علي افراج المعدة في المرضي المصابيين بالحمي
264 0 _c1994.
300 _a96 Leaves
_billustrations
_c30 cm. +
336 _2rda content
_atext
337 _2rdamedia
_aUnmediated
338 _2rdacarrier
_avolume
502 _aThesis (M.Sc.)-Cairo University, 1994
504 _aBibliography: pages 96-110
653 0 _afebrile patients
700 0 _aAlia Mossalem
_ethesis advisor.
700 0 _aNoman El-Garem
_ethesis advisor.
900 _DDepartment of internal Medicine
_FFaculty of Medicine
_UCairo University
_b1994
_cAlia Mossalem
_cNoman El-Garem
905 _aNehad
942 _2ddc
_cTH
_e21
_n0
999 _c179689